Reflexiones sobre la Historia y sobre el método de la investigación histórica / (Record no. 148766)

MARC details
000 -LEADER
campo de control de longitud fija 00492nam a2200157 4500
001 - NÚMERO DE CONTROL
campo de control 148766
003 - IDENTIFICADOR DE NÚMERO DE CONTROL
campo de control ES-MaACL
005 - FECHA Y HORA DE LA ÚLTIMA TRANSACCIÓN
campo de control 20230906202809.0
007 - CAMPO FIJO DE DESCRIPCIÓN FÍSICA--INFORMACIÓN GENERAL
campo de control de longitud fija t|
008 - DATOS DE LONGITUD FIJA--INFORMACIÓN GENERAL
campo de control de longitud fija 070214s1977 sp r ||||1| spa d
100 1# - ENTRADA PRINCIPAL--NOMBRE DE PERSONA
Nombre de persona Suárez, Federico.
9 (RLIN) 108558
245 10 - MENCIÓN DEL TÍTULO
Título Reflexiones sobre la Historia y sobre el método de la investigación histórica /
Mención de responsabilidad, etc. Federico Suárez.
260 ## - PUBLICACIÓN, DISTRIBUCIÓN, ETC.
Lugar de publicación, distribución, etc. Madrid :
Nombre del editor, distribuidor, etc. Rialp,
Fecha de publicación, distribución, etc. [1977] (
Fabricante Tordesillas)
300 ## - DESCRIPCIÓN FÍSICA
Extensión 256 p. ;
Dimensiones 20 cm.
852 ## - LOCALIZACIÓN
Ubicación ES-MaACL
Número de control de estantería A-7826
Sublocalización o colección R.96691
Holdings
Estatus retirado Estado de pérdida Estado de daño No para préstamo Biblioteca de origen Biblioteca actual Ubicación en estantería Fecha de adquisición Fuente de adquisición Total de préstamos Signatura topográfica completa Código de barras Visto por última vez Precio de reemplazo Tipo de ítem Koha
        Biblioteca del Ateneo de Madrid Biblioteca del Ateneo de Madrid Sala Pecera Planta 1 17/01/2008     A-7826 1155248 23/02/2023 23/02/2023 Libro impreso